Lý thuyết mạch T.1

Đã lưu trong:
Bibliografiske detaljer
Hovedforfatter: Phương Xuân Nhàn (Tác giả)
Andre forfattere: Hồ Anh Tuý
Format: Bog
Sprog:Vietnamese
Udgivet: H. Khoa học và Kỹ thuật 1999
Udgivelse:Tái bản, có chỉnh sửa, bổ sung
Fag:
Tags: Tilføj Tag
Ingen Tags, Vær først til at tagge denne postø!
Thư viện lưu trữ: Mạng thư viện Đại học Đà Nẵng
LEADER 01276aam a22003618a 4500
001 000013316
003 9656
005 20120313100310.0
008 120313s1999 viesd
020 |c 29000đ  |d 1000b 
041 |a vie 
082 1 4 |2 14  |a 621.3815  |b PH-N 
084 |a F211z73  |b L600T 
100 1 |a Phương Xuân Nhàn  |e Tác giả 
245 |a Lý thuyết mạch  |c Phương Xuân Nhàn, Hồ Anh Tuý  |n T.1 
250 |a Tái bản, có chỉnh sửa, bổ sung 
260 |a H.  |b Khoa học và Kỹ thuật  |c 1999 
300 |a 280 tr.  |b hình vẽ  |c 27cm 
650 7 |2 Bộ TK TVQG  |a Lí thuyết mạch 
650 7 |2 Bộ TK TVQG  |a Mạch điện 
655 7 |2 Bộ TK TVQG  |a Giáo trình 
700 1 |a Hồ Anh Tuý 
773 |d Khoa học và Kỹ thuật  |d H.  |d 199  |t Lý thuyết mạch  |w 9653 
OWN |a LSP 
AVA |a UDN50  |b LSP  |d 621.3815 PH-N  |e available  |t Error 5001 Not defined in file expand_doc_bib_avail.  |f 1  |g 0  |h N  |i 0  |k 1 
999 |a From the UDN01 
AVA |a UDN50  |b LSP  |d 621.3815 PH-N  |e available  |t Error 5001 Not defined in file expand_doc_bib_avail.  |f 1  |g 0  |h N  |i 0  |k 1 
TYP |a Monograph 
TYP |a Printed language 
980 |a Mạng thư viện Đại học Đà Nẵng